Wyspy z największą ilością państw - Statystyki

Ogólne statystyki
  • Ten quiz został rozwiązany 173 razy
    147 od ostatniego zresetowania
  • Średni wynik to 3 z 6
Statystyki odpowiedzi
# Odpowiedź % Poprawnych
3 Borneo
81%
2 Irlandia
80%
2 Haiti
76%
2 Nowa Gwinea
63%
2 Timor
40%
2 Ziemia Ognista
7%
Nie znaleziono quizów pasujących do podanych kryteriów
Rozkład punktacji
Procent ludzi z każdym wynikiem
Percentyl według liczby udzielonych odpowiedzi
Twoja historia wyników
Nie rozwiązałeś tego quizu od ostatniego zresetowania